[Event "4th Alexander the Great Open"]
[Site "Neos Marmaras GRE"]
[Date "2012.04.19"]
[Round "5"]
[Board "13"]
[White "Ioannidis, Evgenios"]
[Black "Avagianos, Simeon"]
[Result "1-0"]
[WhiteTitle "FM"]
[WhiteElo "1908"]
[BlackElo "2060"]
[WhiteFideId "4229274"]
[BlackFideId "4208455"]
[EventDate "2012.04.16"]

1. e4 c5 2. Nf3 d6 3. d4 cxd4 4. Nxd4 Nf6 5. Nc3 a6 6. Be3 e5 7. Nb3 Be7 8. f3
Be6 9. Qd2 Nbd7 10. g4 Nb6 11. O-O-O Nc4 12. Bxc4 Bxc4 13. g5 Nd7 14. Nd5 Bxd5
15. exd5 a5 16. Kb1 b5 17. h4 Nb8 18. f4 a4 19. Nc1 exf4 20. Bxf4 O-O 21. h5 Nd7
22. g6 fxg6 23. hxg6 Rxf4 24. Qxf4 hxg6 25. Qg4 Nf8 26. Qh3 Bf6 27. Nd3 a3 28.
b3 Rc8 29. Nb4 Rc3 30. Qh8+ Kf7 31. Nc6 Qe8 32. Qh2 Qe4 33. Rhe1 Re3 34. Rxe3
Qxe3 35. Qxd6 Qc3 36. Qc7+ Ke8 37. Qc8+ Kf7 38. Nd8+ Ke7 39. d6+ 1-0

[Event "4th Alexander the Great Open"]
[Site "Neos Marmaras GRE"]
[Date "2012.04.19"]
[Round "5"]
[Board "14"]
[White "Ryabov, Igor"]
[Black "Marantidis, Panagiotis"]
[Result "1-0"]
[WhiteElo "2009"]
[BlackElo "1924"]
[WhiteFideId "24196088"]
[BlackFideId "4210441"]
[EventDate "2012.04.16"]

1. e4 c5 2. Nf3 Nc6 3. Nc3 g6 4. Bb5 Bg7 5. O-O e6 6. Bxc6 bxc6 7. e5 d5 8. d3
Ne7 9. Na4 Qc7 10. Nxc5 Bxe5 11. Nxe5 Qxe5 12. d4 Qg7 13. Bf4 O-O 14. c3 Nf5 15.
Qa4 g5 16. Bc7 Ne7 17. Bd6 f5 18. Rfe1 Re8 19. Re2 f4 20. Bxe7 f3 21. Re3 Rxe7
22. Qxc6 Rb8 23. Rxf3 h5 24. b3 g4 25. Re3 Qf6 26. Rae1 h4 27. Qd6 Rf7 28. R3e2
Rb6 29. Qe5 Qf5 30. Qxf5 exf5 31. Re5 Rd6 32. Re8+ Rf8 33. R1e5 f4 34. Rg5+ Kf7
35. Rxf8+ Kxf8 36. Rh5 Kg7 37. Rxh4 Kg6 38. Rh8 Rc6 39. Rd8 Be6 40. Ra8 Bf5 41.
Rxa7 Kg5 42. Re7 Kf6 43. Re5 Be4 44. a4 Rxc5 45. Rxe4 Rxc3 46. Re1 Rxb3 47. Ra1
Rb6 48. Kf1 f3 49. a5 Ra6 50. gxf3 gxf3 51. Ke1 Kf5 52. Kd2 Ke4 53. Ra4 Kf4 54.
Kc3 Kg4 55. Kb4 Kh3 56. Ra3 Kg2 57. Kb5 Ra8 58. Ra2 Re8 59. a6 Re2 60. Ra3 Kxf2
61. a7 Re8 62. a8=Q Rxa8 63. Rxa8 Ke3 64. Kc5 1-0

[Event "4th Alexander the Great Open"]
[Site "Neos Marmaras GRE"]
[Date "2012.04.20"]
[Round "6"]
[Board "1"]
[White "Mastrovasilis, Athanasios"]
[Black "Haznedaroglu, Kivanc"]
[Result "1/2-1/2"]
[WhiteTitle "GM"]
[BlackTitle "GM"]
[WhiteElo "2510"]
[BlackElo "2419"]
[WhiteFideId "4201990"]
[BlackFideId "6300634"]
[EventDate "2012.04.16"]

1. Nf3 Nf6 2. g3 b5 3. Bg2 Bb7 4. b3 e6 5. c4 bxc4 6. bxc4 c5 7. Nc3 Be7 8. Rb1
Bc6 9. O-O O-O 10. Re1 d6 11. e4 e5 12. Nd5 Na6 13. d3 Nc7 14. Bd2 Ne6 15. Ba5
Qe8 16. Bh3 Bd8 17. Bd2 Nd7 18. Qb3 Kh8 19. Qa3 Bb6 20. Bc3 Qd8 21. Kg2 Re8 22.
Bd2 Ndf8 23. Bf5 Ng6 24. h4 Ne7 25. Bh3 Rf8 26. Bg5 Nxg5 27. hxg5 Nxd5 28. exd5
Be8 29. Bf5 g6 30. Be4 Rb8 31. Rh1 f5 32. gxf6 Qxf6 33. Qc1 Rb7 34. Qe3 Rbf7 35.
Rb2 Bd8 36. Rh6 Kg8 37. Rh2 Bd7 38. Nh4 Bg4 39. Kg1 Qg5 40. Ng2 Kg7 41. Qxg5
Bxg5 42. Nh4 Bc8 43. Kg2 Bc1 44. Rc2 Ba3 45. Nf3 h6 46. Rh1 Rb7 47. Rc3 Bb4 48.
Rc2 Rbf7 49. Rb1 Bg4 50. Nh2 Bd7 51. Nf3 g5 52. Rh1 Rb8 53. Rb2 Rb6 54. Nh2 Rf8
55. Nf1 Be1 56. Rc2 Ba4 57. Re2 Bc3 58. Ne3 Bd7 59. g4 Rf4 60. Nf5+ Bxf5 61.
Bxf5 a5 62. a4 1/2-1/2

[Event "4th Alexander the Great Open"]
[Site "Neos Marmaras GRE"]
[Date "2012.04.20"]
[Round "6"]
[Board "2"]
[White "Skytte, Rasmus"]
[Black "Antic, Dejan"]
[Result "1/2-1/2"]
[WhiteTitle "IM"]
[BlackTitle "GM"]
[WhiteElo "2376"]
[BlackElo "2513"]
[WhiteFideId "1404210"]
[BlackFideId "901008"]
[EventDate "2012.04.16"]

1. e4 e6 2. d4 d5 3. Nc3 Nf6 4. Bg5 Bb4 5. e5 h6 6. Bc1 Ne4 7. Qg4 g6 8. Ne2 c5
9. a3 Bxc3+ 10. Nxc3 Qa5 11. b4 cxb4 12. Nxe4 dxe4 13. Qxe4 Nc6 14. Bd3 bxa3+ 1/2-1/2

[Event "4th Alexander the Great Open"]
[Site "Neos Marmaras GRE"]
[Date "2012.04.20"]
[Round "6"]
[Board "3"]
[White "Galopoulos, Nikolaos"]
[Black "Spirliadis, Achileas"]
[Result "1-0"]
[WhiteElo "2430"]
[BlackElo "2053"]
[WhiteFideId "4208951"]
[BlackFideId "4215770"]
[EventDate "2012.04.16"]

1. d4 Nf6 2. c4 g6 3. Nc3 Bg7 4. e4 d6 5. f3 O-O 6. Be3 e5 7. Nge2 a5 8. dxe5
dxe5 9. Qxd8 Rxd8 10. Nd5 Na6 11. Nec3 Nxd5 12. cxd5 Bf8 13. Rc1 Bd7 14. Bb5 c6
15. dxc6 Bxc6 16. Ke2 Bc5 17. Bxc6 bxc6 18. Rhd1 Kf8 19. Rxd8+ Rxd8 20. Na4 Bxe3
21. Kxe3 Nc7 22. Rxc6 Ne6 23. Nb6 Nf4 24. g3 Rd3+ 25. Kf2 Rd2+ 26. Ke1 Rxb2 27.
gxf4 Rxa2 28. fxe5 a4 29. Nd5 Rxh2 30. Ra6 Ra2 31. Ra8+ Kg7 32. Ra7 Kf8 33. Nc3
Ra1+ 34. Kf2 a3 35. Nb5 a2 36. Nc3 Rc1 37. Nxa2 Rc5 38. f4 g5 39. Kf3 gxf4 40.
Kxf4 Rc6 41. Nb4 Rg6 42. Nd5 Re6 43. Nf6 Kg7 44. Ra8 Rb6 45. Rg8+ Kh6 46. Ng4+
Kh5 47. Rg7 Rg6 48. Rxh7+ 1-0

[Event "4th Alexander the Great Open"]
[Site "Neos Marmaras GRE"]
[Date "2012.04.20"]
[Round "6"]
[Board "4"]
[White "Gogolis, Alexandros"]
[Black "Drenchev, Petar"]
[Result "0-1"]
[WhiteTitle "FM"]
[BlackTitle "GM"]
[WhiteElo "2245"]
[BlackElo "2499"]
[WhiteFideId "4202066"]
[BlackFideId "2903261"]
[EventDate "2012.04.16"]

1. d4 Nf6 2. Bg5 e6 3. e4 h6 4. Bxf6 Qxf6 5. c3 Nc6 6. e5 Qg6 7. Nd2 d6 8. f4
Bd7 9. Qf3 O-O-O 10. Bd3 f5 11. Ne2 Ne7 12. O-O Bc6 13. Qf2 dxe5 14. fxe5 Nd5
15. Nc4 Be7 16. Na5 Qe8 17. Nxc6 Qxc6 18. Nf4 Nxf4 19. Qxf4 g5 20. Qe3 g4 21.
Qe2 h5 22. Bb5 Qb6 23. b4 h4 24. Bc4 h3 25. g3 Kb8 26. Rab1 Rh6 27. a4 c6 28. a5
Qc7 29. b5 cxb5 30. Rxb5 Qc6 31. Rfb1 Rd7 32. a6 b6 33. R5b3 Bg5 34. Bb5 Be3+ 0-1

[Event "4th Alexander the Great Open"]
[Site "Neos Marmaras GRE"]
[Date "2012.04.20"]
[Round "6"]
[Board "5"]
[White "Djukic, Sandra"]
[Black "Pein, Malcolm"]
[Result "0-1"]
[WhiteTitle "WIM"]
[BlackTitle "IM"]
[WhiteElo "2203"]
[BlackElo "2382"]
[WhiteFideId "931390"]
[BlackFideId "400289"]
[EventDate "2012.04.16"]

1. d4 Nf6 2. c4 c5 3. d5 d6 4. Nc3 g6 5. e4 Bg7 6. f3 O-O 7. Be3 e6 8. Nge2 exd5
9. cxd5 Bd7 10. a4 Na6 11. Ng3 Nc7 12. Be2 Re8 13. O-O a6 14. a5 Rb8 15. Bf4 Bb5
16. Bxb5 axb5 17. Qd2 Ra8 18. b4 cxb4 19. Nce2 Na6 20. Nd4 Nc5 21. Rab1 Rxa5 22.
Kh1 b3 23. Nxb3 Nxb3 24. Rxb3 Bf8 25. Rfb1 Qb6 26. Be3 Qa6 27. Bd4 Nd7 28. Nf5
Ra4 29. Bc3 b4 30. Bd4 Qc4 31. Ne3 Qa6 32. Rxb4 Rc8 33. Rxa4 Qxa4 34. h3 Ne5 35.
Rxb7 Bh6 36. Qb4 Rc1+ 37. Kh2 Bf4+ 38. g3 Rc2+ 39. Kh1 Rc1+ 40. Kh2 Rc2+ 41. Kh1
Qxb4 42. Rxb4 Bxe3 43. Bxe3 Nxf3 44. Bg1 Rc1 45. Kg2 Nxg1 46. Rb2 g5 47. g4 Kg7
48. e5 dxe5 49. d6 Rd1 50. d7 Nxh3 0-1

[Event "4th Alexander the Great Open"]
[Site "Neos Marmaras GRE"]
[Date "2012.04.20"]
[Round "6"]
[Board "6"]
[White "Tsarouhas, Vasilios"]
[Black "Drljevic, Ljilja"]
[Result "1-0"]
[BlackTitle "WIM"]
[WhiteElo "2139"]
[BlackElo "2278"]
[WhiteFideId "4203437"]
[BlackFideId "928879"]
[EventDate "2012.04.16"]

1. e4 d6 2. d4 g6 3. Nc3 Bg7 4. f4 e5 5. dxe5 dxe5 6. Qxd8+ Kxd8 7. fxe5 Bxe5 8.
Nf3 Bg7 9. Bf4 c6 10. O-O-O+ Ke8 11. Bc4 Nd7 12. e5 b5 13. Bb3 Nc5 14. Rd6 Ne7
15. Ng5 Nxb3+ 16. axb3 h6 17. Nge4 Be6 18. Nf6+ Bxf6 19. exf6 Nd5 20. Be5 Rc8
21. Ne4 Nb6 22. Nc5 Bd5 23. Re1 Kf8 24. Nd7+ Kg8 25. Bd4 Kh7 26. Re7 Nxd7 27.
Rdxd7 Rhf8 28. Bxa7 g5 29. g3 Kg6 30. Bd4 Rfd8 31. Kd2 Be6 32. Rxd8 Rxd8 33. Ke3
c5 34. Bxc5 Kxf6 35. Rb7 Kf5 36. Rxb5 Kg4 37. Bd4 f5 38. Be5 Kh3 39. Rb6 Re8 40.
c4 Kxh2 41. c5 h5 42. c6 f4+ 43. gxf4 Bh3 44. Rb8 Bc8 45. Rxc8 gxf4+ 46. Kxf4
Rxc8 47. c7 Kg2 48. Kf5 Kf3 49. b4 Rf8+ 50. Ke6 Ke4 51. Bd6 Rh8 52. b5 h4 53. b6
Rh6+ 54. Kd7 Kd5 55. Be7 Rh8 56. c8=Q Rxc8 57. Kxc8 h3 58. b7 h2 59. b8=Q h1=Q
60. Qb7+ 1-0

[Event "4th Alexander the Great Open"]
[Site "Neos Marmaras GRE"]
[Date "2012.04.20"]
[Round "6"]
[Board "8"]
[White "Ali Marandi, Cemil Can"]
[Black "Tassopoulos, Marios"]
[Result "1-0"]
[WhiteTitle "FM"]
[BlackTitle "FM"]
[WhiteElo "2315"]
[BlackElo "2222"]
[WhiteFideId "6300529"]
[BlackFideId "4206282"]
[EventDate "2012.04.16"]

1. e4 c5 2. c3 d5 3. exd5 Qxd5 4. d4 Nf6 5. Nf3 e6 6. a3 Nc6 7. Be3 cxd4 8. cxd4
Be7 9. Nc3 Qd6 10. Bd3 O-O 11. O-O b6 12. Qe2 Bb7 13. Rad1 Rad8 14. Bb1 Qb8 15.
b4 Nd5 16. Nxd5 exd5 17. Bg5 Rfe8 18. b5 Na5 19. Bxe7 g6 20. Rfe1 Rd7 21. Bd6 1-0

[Event "4th Alexander the Great Open"]
[Site "Neos Marmaras GRE"]
[Date "2012.04.20"]
[Round "6"]
[Board "9"]
[White "Ladopoulos, Dimitrios"]
[Black "Miskulin, Dennis"]
[Result "1-0"]
[WhiteElo "1968"]
[BlackElo "2188"]
[WhiteFideId "4239580"]
[BlackFideId "1705520"]
[EventDate "2012.04.16"]

1. e4 c5 2. Nf3 d6 3. d4 cxd4 4. Nxd4 Nf6 5. Nc3 a6 6. Bg5 e6 7. f4 Qb6 8. Qd2
Qxb2 9. Rb1 Qa3 10. e5 dxe5 11. fxe5 Nfd7 12. Ne4 h6 13. Bh4 Qxa2 14. Rd1 Qd5
15. Qe3 Qxe5 16. Be2 Bc5 17. O-O Nc6 18. c3 O-O 19. Bg3 Bxd4 20. cxd4 Qa5 21.
Bd6 Re8 22. Qf4 Qf5 23. Qh4 Qd5 24. Bh5 Nd8 25. Be7 g5 26. Bxg5 hxg5 27. Nxg5
Kg7 28. Nxf7 Nc6 29. Qg4+ Kh7 30. Nd6 Ne7 31. Nxe8 1-0

[Event "4th Alexander the Great Open"]
[Site "Neos Marmaras GRE"]
[Date "2012.04.20"]
[Round "6"]
[Board "10"]
[White "Sanders, Isaac B"]
[Black "Franco, William"]
[Result "1/2-1/2"]
[WhiteElo "2097"]
[BlackElo "2097"]
[WhiteFideId "417661"]
[BlackFideId "4400909"]
[EventDate "2012.04.16"]

1. e4 e5 2. Nf3 Nc6 3. Bb5 a6 4. Ba4 Nf6 5. d3 d6 6. c3 Be7 7. O-O O-O 8. Nbd2
Bd7 9. Bc2 Re8 10. Re1 Bf8 11. Nf1 g6 12. Ng3 Bg7 13. h3 Qe7 14. d4 Kh8 15. d5
Nd8 16. c4 a5 17. b3 c5 18. a3 b5 19. Bd2 Nb7 20. Bd3 b4 21. Ra2 Ng8 22. Qc2 Qf8
23. Rea1 Reb8 24. axb4 axb4 25. Rxa8 Rxa8 26. Qb1 h6 27. Ra2 Qd8 28. Qa1 Rxa2
29. Qxa2 Qa5 30. Qxa5 Nxa5 31. Bc2 Ne7 32. Ne1 Kh7 33. Nd3 Nb7 34. f3 h5 35. Kf2
Bh6 36. Bxh6 Kxh6 37. Ne2 h4 38. f4 f6 39. Kf3 exf4 40. Nexf4 g5 41. Ne2 Ng6 42.
g4 hxg3 43. Kxg3 Nd8 44. Ng1 Nh4 45. Ne1 f5 46. Ng2 Nxg2 47. Kxg2 f4 48. Bd1 Nf7
49. Bg4 Bxg4 50. hxg4 Ne5 51. Nf3 Nxf3 52. Kxf3 Kg7 53. e5 dxe5 54. Ke4 Kf6 55.
Kf3 1/2-1/2

[Event "4th Alexander the Great Open"]
[Site "Neos Marmaras GRE"]
[Date "2012.04.20"]
[Round "6"]
[Board "11"]
[White "Haria, Ravi"]
[Black "Xaxiris, E."]
[Result "1-0"]
[WhiteElo "2060"]
[BlackElo "2062"]
[WhiteFideId "415820"]
[BlackFideId "4206720"]
[EventDate "2012.04.16"]

1. e4 c6 2. d4 d5 3. e5 c5 4. Nf3 Bg4 5. c4 e6 6. Nc3 Bxf3 7. Qxf3 cxd4 8. Nb5
Nc6 9. cxd5 exd5 10. Bd3 Bb4+ 11. Bd2 Bxd2+ 12. Kxd2 Qa5+ 13. Kd1 O-O-O 14. Nd6+
Rxd6 15. exd6 Nf6 16. Re1 Qd8 17. Qg3 g6 18. Rc1 Re8 19. Rxe8 Qxe8 20. b4 Kd8
21. b5 Nb4 22. Rc7 Nxd3 23. Qxd3 Ne4 24. Qxd4 Nxd6 25. Rc5 Qe4 26. Qxe4 dxe4 27.
Ke2 f5 28. Ke3 Kd7 29. a4 h6 30. Kd4 Nf7 31. h4 Ke6 32. Rc8 Kd7 33. Rf8 Ke7 34.
Ra8 Ke6 35. Rxa7 Nd6 36. Ra8 g5 37. hxg5 hxg5 38. Rg8 Kf6 39. Kc5 Nf7 40. a5 f4
41. Re8 Ne5 42. Kd4 Ng4 43. a6 bxa6 44. bxa6 Nxf2 45. a7 1-0

[Event "4th Alexander the Great Open"]
[Site "Neos Marmaras GRE"]
[Date "2012.04.20"]
[Round "6"]
[Board "12"]
[White "Papasimakopoulos, Alexandros"]
[Black "Ryabov, Igor"]
[Result "1-0"]
[WhiteElo "2019"]
[BlackElo "2009"]
[WhiteFideId "4244125"]
[BlackFideId "24196088"]
[EventDate "2012.04.16"]

1. d4 Nf6 2. c4 e5 3. dxe5 Ng4 4. e3 Nxe5 5. Nh3 Bc5 6. Be2 d6 7. Nf4 Bf5 8. Nc3
Nbd7 9. Nfd5 a6 10. e4 Be6 11. Be3 c6 12. Bxc5 dxc5 13. Ne3 Nb6 14. b3 Qf6 15.
O-O Ng6 16. Qc2 Nf4 17. Kh1 O-O 18. Rfe1 Rad8 19. Bf1 Rd4 20. g3 Nh5 21. Ne2 Rd7
22. f4 Rfd8 23. Rad1 Qh6 24. Bg2 Nf6 25. Bf3 Bh3 26. Rxd7 Rxd7 27. Rd1 g6 28. a4
Rxd1+ 29. Qxd1 Qf8 30. a5 Na8 31. e5 Ne8 32. g4 h5 33. gxh5 Be6 34. Qg1 Qg7 35.
hxg6 fxg6 36. Nc3 Nac7 37. Ne4 Qh6 38. f5 Qf4 39. Qxg6+ Kf8 40. Ng5 Qxe3 41.
fxe6 Qf4 42. Qf7+ Qxf7 43. exf7 Ng7 44. Bg4 Ke7 45. Kg2 Na8 46. h4 1-0

[Event "4th Alexander the Great Open"]
[Site "Neos Marmaras GRE"]
[Date "2012.04.20"]
[Round "6"]
[Board "14"]
[White "Marantidis, Panagiotis"]
[Black "Grapsa, Georgia"]
[Result "0-1"]
[WhiteElo "1924"]
[BlackElo "2018"]
[WhiteFideId "4210441"]
[BlackFideId "4206436"]
[EventDate "2012.04.16"]

1. e4 c5 2. Nf3 d6 3. d4 Nf6 4. Nc3 cxd4 5. Nxd4 a6 6. a4 Nc6 7. Be3 e5 8. Nxc6
bxc6 9. a5 Be7 10. Qd2 d5 11. Bb6 Qd6 12. exd5 cxd5 13. O-O-O d4 14. Qe2 Qe6 15.
Ne4 Qa2 16. Nxf6+ gxf6 17. Qc4 Qa1+ 18. Kd2 Qxb2 19. Bd3 O-O 20. f3 Be6 21. Qa4
Rfc8 22. Rb1 Qc3+ 23. Ke2 Bc4 24. Rhd1 f5 25. Qd7 Qxc2+ 26. Kf1 Bxd3+ 27. Kg1
Bg5 28. h4 Bxh4 29. Ra1 Qf2+ 30. Kh1 Rc2 31. Rg1 Bg5 0-1

[Event "4th Alexander the Great Open"]
[Site "Neos Marmaras GRE"]
[Date "2012.04.20"]
[Round "7"]
[Board "1"]
[White "Haznedaroglu, Kivanc"]
[Black "Drenchev, Petar"]
[Result "1/2-1/2"]
[WhiteTitle "GM"]
[BlackTitle "GM"]
[WhiteElo "2419"]
[BlackElo "2499"]
[WhiteFideId "6300634"]
[BlackFideId "2903261"]
[EventDate "2012.04.16"]

1. e4 e5 2. Bc4 Nf6 3. d3 c6 4. Nf3 d5 5. Bb3 a5 6. a3 Bd6 7. Nc3 d4 8. Ne2 a4
9. Ba2 O-O 10. h3 c5 11. g4 Be6 12. Ng3 Bxa2 13. Rxa2 g6 14. Bh6 Re8 15. c4 Nc6
16. O-O Nd7 17. Ra1 Qb8 18. Rb1 Ra6 19. Qc2 Nd8 20. Ne2 Ne6 21. Bd2 f6 22. Ne1
Kg7 23. Ng2 Nf4 24. Nexf4 exf4 25. f3 Rh8 26. Kf2 h5 27. Rh1 g5 28. Rbg1 Kf7 29.
gxh5 Rxh5 30. h4 Qh8 31. Qd1 Ra8 32. hxg5 fxg5 33. Rxh5 Qxh5 34. Rh1 Qg6 35. Qf1
Rg8 36. Ne1 g4 37. fxg4 Qxg4 38. Rh7+ Ke6 39. Qh3 Qxh3 40. Rxh3 Nf6 41. Rh6 Rg3
42. Nf3 Bf8 43. Rh4 Ng4+ 44. Ke2 Bd6 45. Rh5 Rg2+ 46. Ke1 Rg3 47. Ke2 Rg2+ 48.
Ke1 Rg3 49. Ke2 Rg2+ 1/2-1/2

[Event "4th Alexander the Great Open"]
[Site "Neos Marmaras GRE"]
[Date "2012.04.20"]
[Round "7"]
[Board "2"]
[White "Skytte, Rasmus"]
[Black "Galopoulos, Nikolaos"]
[Result "1/2-1/2"]
[WhiteTitle "IM"]
[WhiteElo "2376"]
[BlackElo "2430"]
[WhiteFideId "1404210"]
[BlackFideId "4208951"]
[EventDate "2012.04.16"]

1. e4 c5 2. c3 Nf6 3. e5 Nd5 4. d4 cxd4 5. Nf3 Nc6 6. Bc4 Nb6 7. Bb3 d5 8. exd6
Qxd6 9. O-O Be6 10. Na3 Bxb3 11. Qxb3 Qd7 12. Rd1 e6 13. Nxd4 Bxa3 14. Nxc6 1/2-1/2

[Event "4th Alexander the Great Open"]
[Site "Neos Marmaras GRE"]
[Date "2012.04.20"]
[Round "7"]
[Board "3"]
[White "Antic, Dejan"]
[Black "Pein, Malcolm"]
[Result "1-0"]
[WhiteTitle "GM"]
[BlackTitle "IM"]
[WhiteElo "2513"]
[BlackElo "2382"]
[WhiteFideId "901008"]
[BlackFideId "400289"]
[EventDate "2012.04.16"]

1. d4 Nf6 2. c4 g6 3. Nc3 d5 4. cxd5 Nxd5 5. g3 Bg7 6. Bg2 Nxc3 7. bxc3 c5 8.
Nf3 cxd4 9. cxd4 Nc6 10. Be3 O-O 11. O-O Be6 12. Qa4 Qa5 13. Qxa5 Nxa5 14. Ne5
Rfd8 15. Rfc1 Rac8 16. f4 f6 17. Nd3 f5 18. Ne5 Bxe5 19. fxe5 Nc4 20. Bg5 Kf7
21. Bxb7 Rc7 22. Rab1 Rxd4 23. Ba6 Rcd7 24. Bb5 Rd8 25. Bxc4 Rxc4 26. Rxc4 Bxc4
27. Rb7 Re8 28. Rxa7 Ke6 29. Kf2 Kxe5 30. a4 Kd6 31. a5 h6 32. Bc1 Kc6 33. h4 h5
34. Be3 e5 35. Bb6 Re6 36. Rc7+ Kb5 37. Rc5+ Kb4 38. e3 Ba6 39. Rd5 Bc4 40. Rd8
Bb5 41. Ke1 Bc4 42. Kd2 Bb5 43. Rb8 Rd6+ 44. Ke1 Re6 45. Bc7 Rc6 46. Rb7 Ka4 47.
Bb6 Re6 48. Kd2 Rd6+ 49. Ke1 Re6 50. Kf2 Bc6 51. Rb8 Bb5 52. Rg8 Kb4 53. Bc7 Kc4
54. Rb8 Ba6 55. Rb2 Bb5 56. Ke1 Ba6 1-0

[Event "4th Alexander the Great Open"]
[Site "Neos Marmaras GRE"]
[Date "2012.04.20"]
[Round "7"]
[Board "4"]
[White "Ali Marandi, Cemil Can"]
[Black "Mastrovasilis, Athanasios"]
[Result "0-1"]
[WhiteTitle "FM"]
[BlackTitle "GM"]
[WhiteElo "2315"]
[BlackElo "2510"]
[WhiteFideId "6300529"]
[BlackFideId "4201990"]
[EventDate "2012.04.16"]

1. e4 e5 2. Nf3 Nc6 3. Bb5 Nf6 4. O-O Nxe4 5. d4 Nd6 6. Ba4 exd4 7. c3 d3 8.
Qxd3 Be7 9. Bc2 g6 10. Bh6 Nf5 11. Qd2 d6 12. Re1 Be6 13. Ng5 Qd7 14. Bxf5 gxf5
15. Nxe6 fxe6 16. Qe2 e5 17. Qh5+ Kd8 18. Qf7 f4 19. Qg7 Qe8 20. Bg5 Kd7 21. Bf6
Rf8 22. Qg4+ Kd8 23. Bxe7+ Nxe7 24. Nd2 Nf5 25. Nc4 Qg6 26. Qh3 c6 27. Nxd6 Nxd6
28. Rxe5 Rf5 29. Qh4+ Qf6 30. Qxf6+ Rxf6 31. Rd1 Kd7 32. c4 Re8 33. Rg5 Kc8 0-1

[Event "4th Alexander the Great Open"]
[Site "Neos Marmaras GRE"]
[Date "2012.04.20"]
[Round "7"]
[Board "5"]
[White "Stojanovic, Andjelija"]
[Black "Ladopoulos, Dimitrios"]
[Result "1/2-1/2"]
[WhiteTitle "WGM"]
[WhiteElo "2324"]
[BlackElo "1968"]
[WhiteFideId "928682"]
[BlackFideId "4239580"]
[EventDate "2012.04.16"]

1. c4 Nf6 2. Nf3 g6 3. g3 Bg7 4. Bg2 d6 5. Nc3 O-O 6. O-O Nbd7 7. d4 e5 8. e3 c6
9. b3 Re8 10. a4 e4 11. Nd2 d5 12. cxd5 cxd5 13. f3 exf3 14. Qxf3 Qa5 15. b4
Qxb4 16. Nxd5 Qd6 17. e4 Kh8 18. Ba3 Qc6 19. Rfc1 Qxa4 20. Bb4 Qxa1 21. Rxa1
Nxd5 22. Qxf7 Bxd4+ 23. Kh1 Rg8 24. exd5 Bxa1 25. Ne4 Bg7 26. Ng5 Nb6 27. Qe7 h6
28. Nf7+ Kh7 29. Nxh6 Bd7 30. Nxg8 Kxg8 31. d6 a5 32. Bc5 Re8 33. Qg5 Re1+ 34.
Bf1 Rxf1+ 35. Kg2 Rf5 36. Qd8+ Kh7 37. Bxb6 Bc6+ 38. Kg1 Rd5 39. Qh4+ Kg8 40.
Qc4 Kh7 41. Qh4+ Kg8 42. Qc4 Kh7 43. Qh4+ 1/2-1/2

[Event "4th Alexander the Great Open"]
[Site "Neos Marmaras GRE"]
[Date "2012.04.20"]
[Round "7"]
[Board "6"]
[White "Spirliadis, Achileas"]
[Black "Tsarouhas, Vasilios"]
[Result "1/2-1/2"]
[WhiteElo "2053"]
[BlackElo "2139"]
[WhiteFideId "4215770"]
[BlackFideId "4203437"]
[EventDate "2012.04.16"]

1. e4 c5 2. c3 Nf6 3. e5 Nd5 4. d4 cxd4 5. cxd4 e6 6. Nf3 b6 7. Bd3 Bb7 8. a3 d6
9. O-O Nd7 10. Qe2 Be7 11. Nc3 Nxc3 12. bxc3 Qc7 13. Bf4 O-O 14. Rfe1 Rac8 15.
c4 Rfd8 16. exd6 Bxd6 17. Bxh7+ Kf8 18. Bxd6+ Qxd6 19. Be4 Bxe4 20. Qxe4 Rxc4
21. Qh7 Nf6 22. Qh8+ Ng8 23. Rad1 Qf4 24. Qh5 Rd5 25. Re5 g6 26. Qh8 Rcxd4 27.
Nxd4 Rxe5 28. g3 Qe4 29. Nc6 Rd5 30. Rxd5 Qxd5 31. Qc3 a5 32. h3 f6 33. Nb8 Qd8
34. Nc6 Qd6 35. Nd4 Ne7 36. Qe3 Kf7 37. Nb5 Qc6 38. a4 Nf5 39. Qd2 Ke7 40. Qb2
e5 41. Na7 Qc5 42. Qxb6 Qxb6 43. Nc8+ Ke6 44. Nxb6 Nd6 45. Kf1 Nb7 46. Ke2 Kd6
47. g4 g5 48. Ke3 Kc5 49. Nd7+ Kb4 50. Nxf6 Kxa4 51. Ne4 Kb4 52. Kd2 Nc5 53.
Nxg5 a4 54. Nf3 a3 55. Ne1 a2 56. Nc2+ Kb3 57. f3 Kb2 58. g5 Nb3+ 59. Kd1 Nd4
60. Na1 Kxa1 61. Kc1 Ne2+ 62. Kc2 1/2-1/2

[Event "4th Alexander the Great Open"]
[Site "Neos Marmaras GRE"]
[Date "2012.04.20"]
[Round "7"]
[Board "8"]
[White "Haria, Ravi"]
[Black "Gogolis, Alexandros"]
[Result "1/2-1/2"]
[BlackTitle "FM"]
[WhiteElo "2060"]
[BlackElo "2245"]
[WhiteFideId "415820"]
[BlackFideId "4202066"]
[EventDate "2012.04.16"]

1. e4 d5 2. exd5 Qxd5 3. Nc3 Qa5 4. Rb1 c6 5. b4 Qc7 6. b5 Nf6 7. Nf3 a6 8. a4
Bg4 9. h3 Bh5 10. g4 Bg6 11. Bg2 e6 12. Bb2 Be7 13. d3 cxb5 14. O-O b4 15. Ne4
Nc6 16. Nxf6+ Bxf6 17. Bxf6 gxf6 18. Nd2 h5 19. Qf3 Ke7 20. Qg3 Qxg3 21. fxg3
hxg4 22. Bxc6 bxc6 23. Rxb4 Rxh3 24. Rb7+ Kf8 25. Kg2 Kg7 26. Rf4 f5 27. Rc4
Rah8 28. Nf1 e5 29. Ra7 Kf6 30. Rxa6 Kg5 31. Rc5 f4 32. Rxe5+ f5 33. gxf4+ Kxf4
34. Re2 Bf7 35. Rf2+ Kg5 36. c4 f4 37. Ra5+ Bd5+ 38. cxd5 f3+ 39. Rxf3 gxf3+ 40.
Kf2 Kf4 41. Ra7 Rh2+ 42. Nxh2 Rxh2+ 43. Kg1 Rg2+ 44. Kf1 cxd5 45. Rd7 Ke5 46.
Rf7 Kd4 47. Rxf3 Ra2 48. Rf2 Ra1+ 49. Ke2 Kc3 50. Rf5 Ra2+ 51. Kd1 d4 52. a5
Kxd3 53. Rf3+ Kc4 54. Rh3 Rxa5 55. Kd2 Ra2+ 56. Kd1 Rg2 57. Kc1 Re2 58. Kd1 Ra2
59. Kc1 Rg2 60. Kd1 d3 61. Rh8 Rg4 62. Kd2 Rg2+ 63. Kd1 1/2-1/2

[Event "4th Alexander the Great Open"]
[Site "Neos Marmaras GRE"]
[Date "2012.04.20"]
[Round "7"]
[Board "9"]
[White "Ioannidis, Evgenios"]
[Black "Djukic, Sandra"]
[Result "0-1"]
[WhiteTitle "FM"]
[BlackTitle "WIM"]
[WhiteElo "1908"]
[BlackElo "2203"]
[WhiteFideId "4229274"]
[BlackFideId "931390"]
[EventDate "2012.04.16"]

1. e4 c5 2. Nf3 Nc6 3. d4 cxd4 4. Nxd4 Qb6 5. Nb3 e6 6. Bd3 Nf6 7. O-O d6 8. Nc3
a6 9. a4 Qc7 10. f4 h5 11. f5 Ne5 12. Kh1 Be7 13. Nd4 Nfg4 14. fxe6 fxe6 15.
Nce2 g5 16. Ng1 d5 17. Ngf3 Nxf3 18. Nxf3 Bd7 19. exd5 O-O-O 20. Qe2 Rdf8 21.
Be3 exd5 22. Bg1 Bd6 23. Qd2 Bf4 24. Qb4 Ne3 25. Rfe1 Re8 26. Qd4 Ng4 27. Ra3
Rxe1 28. Qxh8+ Re8 29. Qd4 Be3 30. Bxe3 Nxe3 31. Rc3 Bc6 32. Bg6 Rg8 33. Qf6 Qg7
34. Qe6+ Kb8 35. Ne5 Bxa4 36. Qd6+ Ka8 37. Rxe3 g4 38. Bf5 Qg5 39. Qe6 Re8 40.
Qb6 Qxf5 41. Kg1 Rxe5 0-1